О разработке проекта международного стандарта на шероховатость поверхности: [оттиск статьи]

Bibliographische Detailangaben
1. Verfasser: Дьяченко П. Е.
Weitere Verfasser: Вайнштейн В. Э., Карпова Т. М.
Sprache:Russisch
Veröffentlicht: [Б. м.], [Б. и.], [Б. г.]
Schlagworte:
Format: MixedMaterials Buch
KOHA link:https://koha.lib.tpu.ru/cgi-bin/koha/opac-detail.pl?biblionumber=357407

MARC

LEADER 00000nam0a2200000 4500
001 357407
005 20231102011005.0
035 |a (RuTPU)RU\TPU\retro\14675 
090 |a 357407 
100 |a 20200805d k y0rusy50 ca 
101 0 |a rus 
102 |a RU 
105 |a a z 000zy 
200 1 |a О разработке проекта международного стандарта на шероховатость поверхности  |e [оттиск статьи]  |f П. Е. Дьяченко, В. Э. Вайнштейн, Т. М. Карпова 
210 |a [Б. м.]  |c [Б. и.]  |d [Б. г.] 
215 |a С. 3-12  |c ил. 
606 1 |a Шероховатость поверхности  |2 stltpush  |3 (RuTPU)RU\TPU\subj\67786  |9 83452 
610 1 |a детали машин 
610 1 |a машины 
610 1 |a эксплуатационные свойства 
610 1 |a микронеровности 
610 1 |a профилограммы 
610 1 |a системы измерения 
610 1 |a проекты 
610 1 |a коллекция ТПУ 
610 1 |a оттиски 
675 |a 62-4  |v 4 
700 1 |a Дьяченко  |b П. Е. 
701 1 |a Вайнштейн  |b В. Э. 
701 1 |a Карпова  |b Т. М. 
801 1 |a RU  |b 63413507  |c 20200805 
801 2 |a RU  |b 63413507  |c 20200807  |g RCR 
942 |c BK